000
00336nam a2200145Ia 4500
003
OSt
005
20240302142747.0
008
170523s9999 xx 000 0 und d
020
_a
978-0133565447
040
_c
IIMTU
100
_a
PRATLEY- PETER
245
4
_a
THE ESSENCE OF BUSINESS ETHICS
260
_b
NEW DELHI PHI
942
_2
ddc
_c
02
999
_c
855
_d
855